LEADER 01037nam2-2200373---450- 001 990006153930203316 005 20160617143548.0 010 $a980-01-0554-9 035 $a000615393 035 $aUSA01000615393 035 $a(ALEPH)000615393USA01 035 $a000615393 100 $a20160513d1996----km-y0itay50------ba 101 $aspa 102 $aVE 105 $a||||||||001yy 200 1 $a<> jazz y la ciudad$fRafael López-Sanz$gprólogo Alfredo Chacón 205 $a2. ed. 210 $aCaracas$cMonte Avila$d1996 215 $a109 p.$d20 cm 225 2 $aESTUDIOS. Serie Sociales$v1 410 0$1001000615363$aESTUDIOS. Serie Sociales$v, 1 606 0 $aJazz$2BNCF 676 $a781.65 700 1$aLÓPEZ-SANZ,$bRafael$0716234 702 $aCHACÓN,$bAlfredo 801 0$aIT$bsalbc$gISBD 912 $a990006153930203316 951 $aVI.7. COLL.37/ 1$b581 ISLA 959 $aBK 969 $aUMA 979 $aMARANO$b90$c20160617$lUSA01$h1435 996 $aJazz y la ciudad$91387464 997 $aUNISA LEADER 00836nam0-2200289---450 001 990005476620403321 005 20210524114920.0 035 $a000547662 035 $aFED01000547662 035 $a(Aleph)000547662FED01 100 $a19990604d1978----km-y0itay50------ba 101 0 $ager 105 $ay-------001yy 200 1 $a<>Münzen von Syrakus$etext$fErich Boehringer 205 $aRistampa anastatica 210 $aBologna$cArnaldo Forni$dstampa 1978 215 $a297 p., [16] c. di tav.$cill.$d32 cm 610 0 $aMonete greche$aSiracusa 676 $a737.493$v22 700 1$aBoehringer,$bErich$0194137 801 0$aIT$bUNINA$gRICA$2UNIMARC 901 $aBK 912 $a990005476620403321 952 $a773.493 BOE 1$bARCH. 18060$fFLFBC 959 $aFLFBC 996 $aMunzen von Syrakus$9285862 997 $aUNINA LEADER 02297nas 2200661-a 450 001 9910895472503321 005 20260218111110.0 011 $a2659-921X 035 $a(CKB)1000000000416922 035 $a(CONSER)--2013213506 035 $a(DE-599)ZDB2685386-3 035 $a(DE-599)2685386-3 035 $a(EXLCZ)991000000000416922 100 $a19961210a19969999 --- - 101 0 $aspa 200 10$aContrastes $erevista interdisciplinar de filosofía 210 $aMálaga [Spain] $cDepartamento de Filosofía, Universidad de Málaga$d1996- 215 $a1 online resource 300 $aSubtitle varies slightly. 300 $aRefereed/Peer-reviewed 311 08$aPrint version: Contrastes (Málaga, Spain) 1136-4076 (DLC) 2013213506 (OCoLC)36064360 531 $aCONTRASTES 606 $aPhilosophy, Spanish$xPeriodicals 606 $aPhilosophy, Spanish$vPeriodicals 606 $aPhilosophy$vPeriodicals 606 $aPhilosophie espagnole$vPériodiques 606 $aPhilosophie$vPériodiques 606 $aPhilosophie espagnole$xPériodiques 606 $aPhilosophy$2fast$3(OCoLC)fst01060777 606 $aIntellectual life$2fast$3(OCoLC)fst00975769 606 $aPhilosophy, Spanish$2fast$3(OCoLC)fst01061122 606 $aInterdisziplinäre Forschung$2gnd 606 $aPhilosophie$2gnd 606 $aZeitschrift$2gnd 607 $aMa?laga (Spain : Province)$xIntellectual life$xPeriodicals 607 $aMálaga (Espagne : Province)$xVie intellectuelle$xPériodiques 607 $aSpain$zMa?laga (Province)$2fast 608 $aPeriodicals.$2fast 615 0$aPhilosophy, Spanish$xPeriodicals. 615 0$aPhilosophy, Spanish 615 0$aPhilosophy 615 6$aPhilosophie espagnole 615 6$aPhilosophie 615 6$aPhilosophie espagnole$xPériodiques. 615 7$aPhilosophy. 615 7$aIntellectual life. 615 7$aPhilosophy, Spanish. 615 7$aInterdisziplinäre Forschung. 615 7$aPhilosophie. 615 7$aZeitschrift. 686 $a200$2zdbs 686 $a5,1$2ssgn 712 02$aUniversidad de Ma?laga.$bDepartamento de Filosofi?a. 906 $aJOURNAL 912 $a9910895472503321 920 $aexl_impl conversion 996 $aContrastes$91552510 997 $aUNINA